00588nam a2200169Ia 450000500170000000800410001708200150005810000240007324501190009726000450021630000130026165000170027465000090029194200060030095200970030699900150040320240416062324.0240331s9999 xx 000 0 und d bSRIa323.4 aSrilanka foundation 0aSeminar on law enforcement agencies and their role in the implementation of the international bill of human rights aColombo :bSri Lanka Foundation /c1987. a142 p ., aHuman Rights aLaw. cL 001040708LaWERCLbWERCLcSSCd2024-03-31l0o 323.4 SRIp1706r2024-03-31w2024-03-31yL c2495d2495